| Tag |
First Indicator |
Second Indicator |
Subfields |
| LEADER |
00000cam a2200000Ia 4500 |
| 001 |
in00002172012 |
| 005 |
20151104055452.0 |
| 008 |
770216s1935 bl bf b 000 0 por |
| 010 |
|
|
|a 36031393
|
| 035 |
|
|
|a (OCoLC)ocm02742211
|
| 040 |
|
|
|a DLC
|c IQU
|d SER
|d OCLCQ
|d TXA
|d UtOrBLW
|
| 043 |
|
|
|a s-bl---
|
| 049 |
|
|
|a TXAM
|
| 050 |
0 |
0 |
|a PC5446
|b .M45 1935
|
| 082 |
0 |
|
|a 469.79
|
| 100 |
1 |
|
|a Mendonça, Renato,
|d 1912-1990.
|
| 245 |
1 |
2 |
|a A influência africana no português do Brasil /
|c Renato Mendonça.
|
| 250 |
|
|
|a 2. ed. ilustrada com mapas e gravuras.
|b Prefácio de Rodolfo Garcia ...
|
| 264 |
|
1 |
|a São Paulo :
|b Companhia editora nacional,
|c 1935.
|
| 300 |
|
|
|a 255 pages :
|b plates, folded maps. ;
|c 18 cm.
|
| 336 |
|
|
|a text
|b txt
|2 rdacontent
|
| 337 |
|
|
|a unmediated
|b n
|2 rdamedia
|
| 338 |
|
|
|a volume
|b nc
|2 rdacarrier
|
| 490 |
1 |
|
|a Biblioteca pedagógica brasileira ;
|v Sér. V: Brasiliana. vol. XLVI
|
| 504 |
|
|
|a "Bibliografia": pages [19]-26.
|
| 650 |
|
0 |
|a Portuguese language
|x Foreign words and phrases
|x African.
|
| 650 |
|
0 |
|a Portuguese language
|x Provincialisms
|z Brazil.
|
| 650 |
|
0 |
|a African languages.
|
| 830 |
|
0 |
|a Biblioteca pedagógica brasileira.
|n Série 5a.,
|p Brasiliana ;
|v v. 46.
|
| 994 |
|
|
|a C0
|b TXA
|
| 948 |
|
|
|a cataloged
|b h
|c 2006/6/27
|d c
|e mjackson
|f 1:36:21 pm
|
| 999 |
|
|
|a MARS
|
| 999 |
f |
f |
|s 96bb8c20-5a66-3b65-86d6-fec689d3aea7
|i 33d0c9f0-e257-36d4-ba4e-44b235b27624
|t 0
|
| 952 |
f |
f |
|p noncirc
|a Texas A&M University
|b College Station
|c Cushing Memorial Library & Archives
|d Cushing: Area Studies/Africana (Does not check out)
|t 0
|e PC5446 .M45 1935
|h Library of Congress classification
|i unmediated -- volume
|
| 998 |
f |
f |
|a PC5446 .M45 1935
|t 0
|l Cushing: Area Studies/Africana (Does not check out)
|